Every Unbreakable Block in Minecraft - Statistics

General Stats
  • This quiz has been taken 32 times
  • The average score is 3 of 5
Answer Stats
Answer % Correct
Bedrock
100%
Barrier
54%
Command Block
46%
End Portal Frame
35%
Structure Block
15%
No matching quizzes found
Score Distribution
Percent of People with Each Score
Percentile by Number Answered
Your Score History
You have not taken this quiz